01285cam a2200181 i 4500003000400000005001700004008002400021020003800045040000800083082002000091100002700111245003600138264005400174300002300228521080400251650003001055650001801085KPN20260430151041.020260430b 00| 0 my d a9789831248331qpaperbackcRM26.00 cKPN aBM FMD ALE 20130 aAleya Aneesa,eauthor.10aDia Tak Tanya! /cAleya Aneesa 1aShah Alam, Selangor :bGrupbuku Karangkraf,c2013 a657 pages ;c19 cm aSTILAH sahabat merangkap jiran antara Najid dan Najihah akhirnya tersimpul sebagai suami isteri. Sayangnya, mereka berkahwin atas dasar eksperimen. Kononnya dunia perkahwinan mereka boleh bahagia tanpa cinta! Berjaya, okey. Tak berjaya pun okey. Orang lain hidup bahagia, tapi rumah tangga mereka huru-hara. Ada saja yang tidak kena. Masalah kecil dibesar-besarkan. Rajuk, marah dan prasangka membakar diri. Sudahnya, mereka tidur asing-asing; seorang ke timur dan seorang lagi ke barat. Najid dan Najihah lupa... dalam sesebuah perkahwinan, tiada istilah try and error. Mereka saling ego, hipokrit dan suka menuding jari. Ada isteri, tapi lagak macam bujang. Ada suami, tapi langkah macam hidup seorang! "Maaf, sayang. Najid betul-betul minta maaf. Tapi percayalah, Najid sayang sangat kat Jiha."10aMalaysian fiction (Malay)20aMalay fiction